| 000 | 01640cam a2200385 a 4500 | ||
|---|---|---|---|
| 001 | EDZ0000067583 | ||
| 003 | StDuBDS | ||
| 005 | 20161031105143.0 | ||
| 006 | m||||||||d|||||||| | ||
| 007 | cr ||||||||||| | ||
| 008 | 120405s2003 enka fo| 001|0|eng d | ||
| 020 |
_a9781446216576 (ebook) : _cNo price |
||
| 040 |
_aStDuBDS _beng _cStDuBDS _epn |
||
| 049 | _aAlfaisal Main Library | ||
| 050 | 0 |
_aLB2806 _b.L384 2003 |
|
| 082 | 0 | 4 |
_a371.20072 _223 |
| 245 | 0 | 0 |
_aLearning to read critically in educational leadership and management _h[electronic resource] / _cedited by Mike Wallace and Louise Poulson. |
| 260 |
_aLondon : _bSAGE, _cc2003. |
||
| 300 |
_a1 online resource (viii, 247 p.) : _bill. |
||
| 504 | _aIncludes bibliographical references and index. | ||
| 520 | 8 | _aThis work is a unique resource which combines a teaching text with exemplary reports of small-scale research and a literature review conducted by international scholars. | |
| 521 | _aSpecialized. | ||
| 588 | _aDescription based on print version record. | ||
| 650 | 0 |
_aEducational leadership _xResearch. |
|
| 650 | 0 |
_aEducational leadership _xResearch _xEvaluation. |
|
| 650 | 0 |
_aSchool management and organization _xResearch. |
|
| 650 | 0 |
_aSchool management and organization _zResearch _xEvaluation. |
|
| 655 | 7 |
_aElectronic books. _2local |
|
| 700 | 1 |
_aWallace, Mike, _d1950- |
|
| 700 | 1 | _aPoulson, Louise. | |
| 710 | 2 | _aSage eBooks | |
| 776 | 0 | 8 |
_iPrint version : _z9780761947967 |
| 856 | 4 | 0 | _uhttp://ezproxy.alfaisal.edu/login?url=http://sk.sagepub.com/books/learning-to-read-critically-in-educational-leadership-and-management |
| 942 |
_2lcc _cEBOOKS |
||
| 999 |
_c480495 _d480495 |
||